Carriera di Ciro Immobile - Statistics

Statistiche generali
  • Questo quiz è stato fatto 189 volte
  • Il punteggio medio è 7 su 10
Statistiche sulle risposte
Stagione Club Presenze (Reti) % Corretto
2016- presente Lazio
99%
2013-2014 Torino 34 (23)
91%
gen. 2016- giu.2016 Torino 14 (5)
91%
2014-2015 Borussia Dortmund 34 (10)
83%
2008-2010 Juventus 5 (0)
82%
2011-2012 Pescara 37 (28)
75%
2012-2013 Genoa 34 (5)
60%
2015-gen.2016 Siviglia 15 (4)
58%
2010- gen.2011 Siena 6 (2)
18%
gen. 2011-giu. 2011 Grosseto 16 (1)
12%
Nessun quiz corrispondente trovato
Distribuzione punteggi
Percentuale di utenti per punteggio
Percentile per numero di risposta
I tuoi punteggi nel tempo
Non hai fatto questo quiz